Statistics for Geo Quiz #2: 25 U.S. States

Click here to take the quiz!

General Stats

  • This quiz has been taken 453 times
  • The average score is 20 of 25

Answers on the Map

Answers color-coded by a green-red scale on the quiz's map according to % correct below.
 

Answer Stats

Answer% Correct
North Dakota
90%
Washington
90%
Ohio
88%
South Dakota
85%
Vermont
85%
West Virginia
85%
Oregon
83%
Idaho
81%
Illinois
81%
Iowa
81%
Nebraska
79%
New Jersey
79%
New York
79%
Maryland
77%
Utah
77%
Indiana
75%
Missouri
75%
New Hampshire
75%
Pennsylvania
75%
Wyoming
75%
Massachusetts
73%
Wisconson
73%
Connecticut
71%
Minnesota
69%
Delaware
67%

Score Distribution

Percentile by Number Answered

Percent of People with Each Score

Your Score History

You have not taken this quiz